Treble Winners - Sudden Death - Statistics

General Stats
  • This quiz has been taken 45 times
  • The average score is 6 of 9
Answers on the Grid
Answers color-coded by a green-red scale on the quiz's grid according to % correct below.
Real Madrid (SPA)
AC Milan (ITA)
Manchester City (ENG)
Liverpool (ENG)
Barcelona (SPA)
Feyenoord (NET)
FCSB (ROM)
(formerly Steaua București)
PSV Eindhoven (NET)
Porto (POR)
Benfica (POR)
Celtic (SCO)
Hamburger SV (GER)
Internazionale Milano (ITA)
Borussia Dortmund (GER)
Bayern München (GER)
Chelsea (ENG)
Nottingham Forest (ENG)
Manchester United (ENG)
Aston Villa (ENG)
Ajax (NET)
Crvena zvezda (YUG/SER)
(Red Star Belgrade)
Olympique de Marseille (FRA)
Paris Saint-Germain (FRA)
Juventus (ITA)
 
Answer Stats
Answer % Correct
2008/09 | 2014/15 Barcelona (SPA)
93%
2022/23 Manchester City (ENG)
89%
2012/13 | 2019/20 Bayern München (GER)
75%
1998/99 Manchester United (ENG)
64%
1971/72 Ajax (NET)
54%
1966/67 Celtic (SCO)
54%
2024/25 Paris Saint-Germain (FRA)
54%
2009/10 Internazionale Milano (ITA)
50%
1987/88 PSV Eindhoven (NET)
29%
No matching quizzes found
Score Distribution
Percent of People with Each Score
Percentile by Number Answered
Your Score History
You have not taken this quiz